Регионална библиотека "Любен Каравелов" - Русе

Избрани творби (Запис номер 12820)

MARC детайли
000 -Лидер
Контролно поле с фиксирана дължина 01405nam a2200361 c 4500
003 - Код на организацията, давaща контролен номер
Контролно поле BLK
005 - Дата и час на последна редакция
Контролно поле 20230615160649.0
008 - Елементи от данни с фиксирана дължина
fixed length control field 180412b bul|||||r ||||||| ||bul||
010 ## - Наследен системен номер
LC control number KNG00014433000
040 ## - Източник на каталожния запис
Идентификатор на билиотеката - собственик на записа BLK
041 ## - Код за език
Код за езика на текст/звукозапис или на отделно заглавие Български
Код за езика КДБФ Български
080 ## - УДК
Текстов определител УДК Френска литература
УДК код - определител по УДК 821.133.1
УДК определител -31
УДК - код + определител 821.133.1-31
080 ## - УДК
Текстов определител УДК Френска литература
УДК код - определител по УДК 821.133.1
УДК определител -32
УДК - код + определител 821.133.1-32
100 1# - Редна дума - Автор
Автор Сент-Екзюпери, Антоан дьо
Авторска отговорност първи автор
R(LIN) 363958
139 ## - Редно поле
Редна дума Сент-Екзюпери, Антоан дьо
Авторски знак Сен - С 33
245 10 - Сведения за заглавието
Заглавие Избрани творби
Подзаглавни данни Южна поща ; Нощен полет ; Земя на хората ; Боен пилот ; Писмо до един заложник ; Малкият принц
Редно поле (дума) Антоан дьо Сент-Екзюпери.
250 ## - Област на изданието
Сведения за изданието 3. изд.
257 ## - Страна на издаване
Страна на създаване/издаване Франция
260 ## - Област на издателските данни
Име на издателя, разпространителя и проч. Нар. култура
Година на издаване 1982
Печатница В. Търново : Д. Найденов
Място на издаване, разпространение и проч. София
300 ## - Физическа характеристика
Страници 484 с.
Размери/Мащаб 21 см
380 ## - Жанр
Жанр Худож. лит.
500 ## - Общи забележки
Забележка 1. изд. 1964. - 50125 тир. - Офс. изд.
653 ## - Ключова дума – ненормативна
Ключова дума романи
653 ## - Ключова дума – ненормативна
Ключова дума разкази
852 ## - Местоположение
Форматна сигнатура Цб 115280
Фондова буква Хранилище
856 4# - Електронен адрес и достъп
Електронен формат pdf - файл
Път до файла /url/
856 4# - Електронен адрес и достъп
Електронен формат pdf - файл
Път до файла /url/
999 ## - СИСТЕМНИ КОНТРОЛНИ НОМЕРА
Koha biblionumber 12820
Koha biblioitemnumber 12820
942 ## - АРТИКУЛИ
Вид на библиотечния материал Книги
Скрит в OPAC Не
Koha issues (borrowed), all copies 8
Периодичен библиозапис Да
944 ## - СЪЗДАВАНЕ И РЕДАКЦИЯ на ЗАПИСА
Създаване/Редакция Създаване
Дата на регистрацията/редакция 15.01.2003
Служител, извършил регистрацията/редакцията Геновева_Генчева
944 ## - СЪЗДАВАНЕ И РЕДАКЦИЯ на ЗАПИСА
Създаване/Редакция Редакция
Дата на регистрацията/редакция 18.01.2007
944 ## - СЪЗДАВАНЕ И РЕДАКЦИЯ на ЗАПИСА
Създаване/Редакция Редакция
Дата на регистрацията/редакция 2022-04-07
999 ## - СИСТЕМНИ КОНТРОЛНИ НОМЕРА
Koha biblioitemnumber 12820
Наличности
Код за отписване Код за изгубен артикул Източник на класификационната схема Код за повреда Коз за рестрикции Код за отдаване Артикулен № Име на библиотеката - собственик Име на библиотеката, в която се намира в момента Статус (Текущо местоположение) Дата на вписване в системата Местоположение - отдел Цена в лева Инвентарен номер Систематично азбучна сигнатура Баркод Номер на екземпляра Цена в евро Служебна бележка Служебен тип на артикула
Изтеглен Не е изгубен Universal Decimal Classification Не е повреден без рестрикции заемане за дома 22119 Регионална библиотека "Любен Каравелов" Русе Регионална библиотека "Любен Каравелов" Русе Детски отдел 2002-08-14 Детски отдел 3.50 120000671361 Д 820/899/С 33 120000671361 1 1.79 Дост: Pk Вид: Ф N: 4 Дата: 01.08.2002 Дата инв: 02.09.2015 Бележки инв: Д2015 Книги
  Не е изгубен Universal Decimal Classification Не е повреден без рестрикции ползва се в читалня 22120 Регионална библиотека "Любен Каравелов" Русе Регионална библиотека "Любен Каравелов" Русе Хранилище 1982-01-01 Хранилище 3.36 356225 Цб 115280 120000356225 2 1.72 Дост: Dp Вид: Д N: стар фонд Дата: 01.01.1982 Книги
Изтеглен Не е изгубен Universal Decimal Classification Не е повреден без рестрикции заемане за дома 22121 Регионална библиотека "Любен Каравелов" Русе Регионална библиотека "Любен Каравелов" Русе Заемна - подръчен фонд 1982-01-01 Заемна - подръчен фонд 3.36 356089 П 840-31/С 33 356089 3 1.72 Дост: Pk Вид: Ф N: стар фонд Дата: 01.01.1982 Дата инв: 13.02.2018 Бележки инв: П2018 Книги
Изтеглен Не е изгубен Universal Decimal Classification Не е повреден без рестрикции заемане за дома 22122 Регионална библиотека "Любен Каравелов" Русе Регионална библиотека "Любен Каравелов" Русе Детски отдел 2007-01-08 Детски отдел 3.50 120000708247 Д 820/899/С 33 120000708247 4 1.79 Дост: DA Вид: А N: 1 Дата: 05.01.2007 Дата инв: 10.08.2015 Бележки инв: Д2015 Книги
Изтеглен Не е изгубен Universal Decimal Classification Не е повреден без рестрикции заемане за дома 680229 Регионална библиотека "Любен Каравелов" Русе Регионална библиотека "Любен Каравелов" Русе Заемна - подръчен фонд 2018-09-12 Заемна - подръчен фонд 6.00 120000823085 П 840-31/С 33 120000823085   3.07   Книги
Vip Innovations Ltd, Rousse, Bulgaria 2025